Statistics for Trios (and more) of countries

Click here to take the quiz!

General Stats

  • This quiz has been taken 22 times
  • The average score is 11 of 20

Answer Stats

CountriesRegion% Correct
Estonia, Latvia, LithuaniaBaltic states
90%
Spain, Portugal, AndorraIberian peninsula
85%
North Korea, South KoreaKorea
85%
Belgium, Netherlands,
Luxembourg
Benelux
80%
Haiti, Dominican RepublicHispaniola
75%
Denmark, Norway, SwedenScandinavia
75%
Czechia, SlovakiaFormer
Czechoslovakia
70%
Georgia, Azerbaijan, ArmeniaCaucasus
65%
Syria, Lebanon,
Jordan, Israel
Levant
60%
Kazakhstan, Tajikistan,
Turkmenistan,
Uzbekistan, Kyrgyzstan
Central Asia
55%
Ethiopia, Eritrea,
Djibouti, Somalia
Horn of Africa
55%
Denmark, Norway,
Sweden, Finland, Iceland
Nordic countries
55%
Morocco, Algeria, TunisiaMaghreb
50%
Myanmar, Thailand,
Laos, Cambodia, Vietnam
South East Asia
50%
Australia, New ZealandAustralasia
45%
Kenya, Tanzania,
Uganda, Rwanda, Burundi
East Africa
35%
India, Pakistan, BangladeshBritish India
25%
Dominica, Martinique, Saint
Lucia, Saint Vincent &
the Grenadines, Grenada
Windward Islands
25%
Colombia, Venezuela,
Guyana, Suriname
Northern South America
15%
Argentina, Chile, UruguaySouthern Cone
10%

Score Distribution

Percentile by Number Answered

Percent of People with Each Score

Your Score History

You have not taken this quiz